[Event "Vlissingen HZ op 24th"]
[Site "Vlissingen"]
[Date "2022.08.12"]
[Round "8"]
[White "Boulahfa, Hicham"]
[Black "Molenaar, Toine"]
[Result "1/2-1/2"]
[WhiteElo "2032"]
[BlackElo "1823"]
[PlyCount "47"]
[EventDate "2022.08.06"]
[EventType "swiss"]
[EventRounds "9"]
[EventCountry "NED"]
[SourceTitle "CBM 209 Extra"]
[Source "ChessBase"]
[SourceDate "2022.09.30"]
[SourceVersion "1"]
[SourceVersionDate "2022.09.30"]
[SourceQuality "1"]

1. e4 e5 2. Nf3 Nc6 3. Bc4 Nf6 4. d3 Be7 5. 0-0 0-0 6. c3 d5 7. exd5 Nxd5 8. Re1 Bg4 9. Bb5 Bd6 10. Nbd2 a6 11. Bxc6 bxc6 12. Nc4 Qf6 13. h3 Bxf3 14. Qxf3 Qxf3 15. gxf3 Rfe8 16. Be3 Rab8 17. Re2 Re6 18. Rae1 h6 19. Bc1 Rg6+ 20. Kf1 Rf6 21. Kg2 Rg6+ 22. Kf1 Rf6 23. Kg2 Rg6+ 24. Kf1 1/2-1/2

[Event "Vlissingen HZ op 21st"]
[Site "Vlissingen"]
[Date "2017.08.07"]
[Round "4"]
[White "Boulahfa, Hicham"]
[Black "De Kleuver, Jonathan"]
[Result "1/2-1/2"]
[WhiteElo "2084"]
[BlackElo "1863"]
[PlyCount "24"]
[EventDate "2017.08.05"]
[EventType "swiss"]
[EventRounds "9"]
[EventCountry "NED"]
[SourceTitle "CBM 179 Extra"]
[Source "ChessBase"]
[SourceDate "2017.08.23"]
[SourceVersion "1"]
[SourceVersionDate "2017.08.23"]
[SourceQuality "1"]

1. d4 d5 2. c4 c6 3. Nf3 Nf6 4. Qc2 dxc4 5. Qxc4 Bg4 6. Nc3 Nbd7 7. e4 Bxf3 8. gxf3 e5 9. dxe5 Nxe5 10. Qe2 Bc5 11. Bd2 Nh5 12. f4 Qxd2+ 1/2-1/2

[Event "Vlissingen HZ op 21st"]
[Site "Vlissingen"]
[Date "2017.08.06"]
[Round "2"]
[White "Boulahfa, Hicham"]
[Black "Breukelman, Jan"]
[Result "1/2-1/2"]
[WhiteElo "2084"]
[BlackElo "2395"]
[PlyCount "72"]
[EventDate "2017.08.05"]
[EventType "swiss"]
[EventRounds "9"]
[EventCountry "NED"]
[SourceTitle "CBM 179 Extra"]
[Source "ChessBase"]
[SourceDate "2017.08.23"]
[SourceVersion "1"]
[SourceVersionDate "2017.08.23"]
[SourceQuality "1"]

1. e4 c6 2. d4 d5 3. Nc3 dxe4 4. Nxe4 Bf5 5. Ng3 Bg6 6. h4 h6 7. Nf3 e6 8. Bd3 Bxd3 9. Qxd3 Nf6 10. Bd2 Be7 11. 0-0-0 0-0 12. Ne5 Nbd7 13. Nxd7 Qxd7 14. Ne4 Qd5 15. Nc3 Qf5 16. Qxf5 exf5 17. Rhe1 Rfe8 18. Re5 Rad8 19. Rde1 Bb4 20. Rxe8+ Rxe8 21. Rxe8+ Nxe8 22. Nd1 Be7 23. g3 Kh7 24. c4 Kg6 25. Kc2 Bd6 26. Kd3 Kh5 27. Ke2 f4 28. Kf3 fxg3 29. fxg3 Kg6 30. Nc3 h5 31. Ne4 Kf5 32. b3 g6 33. Be3 f6 34. Bf4 Be7 35. Bb8 a6 36. Bf4 Ke6 1/2-1/2

[Event "Vlissingen HZ op 20th"]
[Site "Vlissingen"]
[Date "2016.08.07"]
[Round "2"]
[White "Van Delft, Merijn"]
[Black "Boulahfa, Hicham"]
[Result "0-1"]
[WhiteElo "2391"]
[BlackElo "2084"]
[PlyCount "88"]
[EventDate "2016.08.06"]
[EventType "swiss"]
[EventRounds "9"]
[EventCountry "NED"]
[SourceTitle "CBM 173 Extra"]
[Source "ChessBase"]
[SourceDate "2016.08.29"]
[SourceVersion "1"]
[SourceVersionDate "2016.08.29"]
[SourceQuality "1"]

1. e4 Nf6 2. e5 Ng8 3. d4 d6 4. Nf3 dxe5 5. Nxe5 Nd7 6. Nf3 Ngf6 7. g3 b6 8. Bg2 Bb7 9. 0-0 e6 10. a4 c5 11. a5 cxd4 12. Nxd4 Bxg2 13. Kxg2 Bc5 14. Nb3 Be7 15. Nc3 0-0 16. Bf4 Nc5 17. Qxd8 Rfxd8 18. Nxc5 Bxc5 19. axb6 Bxb6 20. Na4 Nd5 21. Bd2 Bd4 22. c3 Bf6 23. Rfd1 g5 24. Kf3 Rac8 25. Ke2 Rc6 26. Be1 Rb8 27. Ra3 Be7 28. Ra2 f5 29. Rd3 a5 30. Rd1 Kf7 31. Rb1 Bf6 32. Ra3 e5 33. b3 e4 34. c4 Nb4 35. Bc3 Rd8 36. Bxf6 Kxf6 37. Rd1 Rxd1 38. Kxd1 Rd6+ 39. Ke2 Nc2 40. Ra2 Nd4+ 41. Ke3 Nxb3 42. Rb2 Rd3+ 43. Ke2 f4 44. Nb6 Ke5 0-1

[Event "Roosendaal LBV op-A"]
[Site "Roosendaal"]
[Date "2012.08.19"]
[Round "6"]
[White "Mollema, Thomas"]
[Black "Boulahfa, Hicham"]
[Result "1-0"]
[WhiteElo "1947"]
[BlackElo "2098"]
[PlyCount "49"]
[EventDate "2012.08.16"]
[EventType "swiss"]
[EventRounds "6"]
[EventCountry "NED"]
[SourceTitle "CBM 150 Extra"]
[Source "ChessBase"]
[SourceDate "2012.10.19"]
[SourceVersion "1"]
[SourceVersionDate "2012.10.19"]
[SourceQuality "1"]

1. e4 e6 2. d4 d5 3. Nc3 dxe4 4. Nxe4 Nd7 5. Nf3 Ngf6 6. Bg5 Be7 7. Bxf6 Nxf6 8. Nxf6+ Bxf6 9. c3 0-0 10. Bd3 c5 11. dxc5 Qc7 12. Qc2 h6 13. 0-0 Qxc5 14. Rad1 Rd8 15. Bh7+ Kh8 16. Rxd8+ Bxd8 17. Rd1 Qc7 18. Be4 Be7 19. Qa4 g6 20. Bxg6 fxg6 21. Qe8+ Kg7 22. Ne5 Bg5 23. Rd7+ Bxd7 24. Qf7+ Kh8 25. Nxg6# 1-0

[Event "Utrecht OKU op 38th"]
[Site "Utrecht"]
[Date "2011.06.05"]
[Round "5"]
[White "Boulahfa, Hicham"]
[Black "Sparreboom, Willem"]
[Result "1-0"]
[WhiteElo "2079"]
[BlackElo "1953"]
[PlyCount "109"]
[EventDate "2011.06.03"]
[EventType "swiss"]
[EventRounds "6"]
[EventCountry "NED"]
[SourceTitle "CBM 142 Extra"]
[Source "ChessBase"]
[SourceDate "2011.06.27"]
[SourceVersion "1"]
[SourceVersionDate "2011.06.27"]
[SourceQuality "1"]

1. c4 c6 2. e4 d5 3. exd5 cxd5 4. d4 Nf6 5. Nc3 e6 6. Nf3 Nbd7 7. a3 dxc4 8. Bxc4 a6 9. Ba2 Be7 10. 0-0 0-0 11. Bf4 b5 12. d5 exd5 13. Nxd5 Nxd5 14. Qxd5 Ra7 15. Rfd1 Qb6 16. Rac1 Nf6 17. Qxf7+ Rxf7 18. Rxc8+ Bf8 19. Rdd8 Qxd8 20. Rxd8 Rae7 21. Ne5 g5 22. Bxf7+ Kg7 23. Bg3 Ng4 24. Nf3 Kxf7 25. Nxg5+ Kg6 26. f3 Kxg5 27. Rxf8 Nf6 28. Bh4+ Kxh4 29. Rxf6 Re1+ 30. Kf2 Rb1 31. Rf4+ Kg5 32. Rb4 Rc1 33. Kg3 h5 34. h4+ Kf5 35. a4 Rc5 36. axb5 axb5 37. Rf4+ Ke5 38. Rf8 Kd4 39. Rg8 Rc2 40. Rg5 Rxb2 41. Rxh5 b4 42. Rb5 Kc4 43. Rb8 Rd2 44. h5 b3 45. h6 Rd7 46. Kh4 Kc3 47. g4 b2 48. Kh5 Rd1 49. g5 b1Q 50. Rxb1 Rxb1 51. h7 Kd4 52. Kg6 Rh1 53. Kg7 Ke5 54. h8Q Rxh8 55. Kxh8 1-0

[Event "Vlissingen HZ op 13th"]
[Site "Vlissingen"]
[Date "2009.08.06"]
[Round "7"]
[White "Smits, Sebastiaan"]
[Black "Boulahfa, Hicham"]
[Result "1-0"]
[WhiteElo "2165"]
[BlackElo "2022"]
[PlyCount "63"]
[EventDate "2009.08.01"]
[EventType "swiss"]
[EventRounds "9"]
[EventCountry "NED"]
[SourceTitle "CBM 131 Extra"]
[Source "ChessBase"]
[SourceDate "2009.09.03"]
[SourceVersion "2"]
[SourceVersionDate "2009.09.16"]
[SourceQuality "1"]

1. e4 e5 2. Nf3 Nf6 3. Nc3 Bb4 4. Nxe5 Qe7 5. Nd3 Bxc3 6. dxc3 Qxe4+ 7. Be2 0-0 8. 0-0 Nc6 9. Bf3 Qf5 10. Re1 d6 11. Qd2 Bd7 12. Qg5 Qxg5 13. Bxg5 Ng4 14. h3 Nge5 15. Nxe5 dxe5 16. Rad1 Be8 17. Be3 b6 18. b4 Rd8 19. Bc1 Rxd1 20. Rxd1 Ne7 21. Ba3 Bb5 22. c4 e4 23. Be2 Ba4 24. b5 c5 25. bxc6 Nxc6 26. Bxf8 Kxf8 27. Rd2 Ke7 28. f3 f5 29. fxe4 fxe4 30. Kf2 Ne5 31. Ke3 Bc6 32. Rd4 1-0

[Event "Dieren op"]
[Site "Dieren"]
[Date "2009.07.22"]
[Round "2"]
[White "Boulahfa, Hicham"]
[Black "Hoeksema, Hendrik Pieter"]
[Result "0-1"]
[WhiteElo "2022"]
[BlackElo "2309"]
[PlyCount "46"]
[EventDate "2009.07.21"]
[EventType "swiss"]
[EventRounds "9"]
[EventCountry "NED"]
[SourceTitle "CBM 131 Extra"]
[Source "ChessBase"]
[SourceDate "2009.09.03"]
[SourceVersion "2"]
[SourceVersionDate "2009.09.16"]
[SourceQuality "1"]

1. d4 Nf6 2. c4 g6 3. Nc3 Bg7 4. g3 0-0 5. Bg2 Nc6 6. e3 d6 7. Nge2 Bd7 8. 0-0 a6 9. Bd2 Rb8 10. Rc1 e5 11. Be1 Re8 12. h3 h5 13. Nd5 exd4 14. Nxd4 Nxd4 15. Nxf6+ Qxf6 16. Bc3 c5 17. b3 h4 18. g4 Bc6 19. exd4 cxd4 20. Ba1 Qf4 21. f3 d5 22. c5 Be5 23. Kh1 Qh2# 0-1

[Event "Budapest FS07 FM-B"]
[Site "Budapest"]
[Date "2009.07.11"]
[Round "2.3"]
[White "Boulahfa, Hicham"]
[Black "Mezei, Csaba"]
[Result "1-0"]
[WhiteElo "2022"]
[BlackElo "2125"]
[PlyCount "45"]
[EventDate "2009.07.04"]
[EventType "tourn"]
[EventRounds "10"]
[EventCountry "HUN"]
[SourceTitle "CBM 131 Extra"]
[Source "ChessBase"]
[SourceDate "2009.09.03"]
[SourceVersion "2"]
[SourceVersionDate "2009.09.16"]
[SourceQuality "1"]

1. e4 c5 2. Nf3 d6 3. d4 cxd4 4. Nxd4 Nf6 5. Nc3 g6 6. Be3 Bg7 7. f3 Nc6 8. Qd2 Bd7 9. Bc4 Rc8 10. Bb3 0-0 11. 0-0-0 Ne5 12. Kb1 Nc4 13. Bxc4 Rxc4 14. g4 b5 15. b3 Rc5 16. Ne6 fxe6 17. Bxc5 dxc5 18. e5 b4 19. exf6 bxc3 20. Qxd7 Qxd7 21. Rxd7 Bxf6 22. Rxa7 Kf7 23. a4 1-0

[Event "Budapest FS07 FM-B"]
[Site "Budapest"]
[Date "2009.07.08"]
[Round "1.5"]
[White "Boulahfa, Hicham"]
[Black "Ellappen, Jenine"]
[Result "1/2-1/2"]
[WhiteElo "2022"]
[BlackElo "1894"]
[PlyCount "69"]
[EventDate "2009.07.04"]
[EventType "tourn"]
[EventRounds "10"]
[EventCountry "HUN"]
[SourceTitle "CBM 131 Extra"]
[Source "ChessBase"]
[SourceDate "2009.09.03"]
[SourceVersion "2"]
[SourceVersionDate "2009.09.16"]
[SourceQuality "1"]

1. e4 c5 2. Nf3 Nc6 3. d4 cxd4 4. Nxd4 Nf6 5. Nc3 e5 6. Ndb5 d6 7. Bg5 a6 8. Na3 b5 9. Bxf6 gxf6 10. Nd5 f5 11. c3 Bg7 12. exf5 Bxf5 13. Nc2 0-0 14. Nce3 Be6 15. Bd3 f5 16. 0-0 Ra7 17. a4 Ne7 18. Nxe7+ Rxe7 19. axb5 axb5 20. Bxb5 d5 21. Ra6 f4 22. Rxe6 Rxe6 23. Qxd5 Qxd5 24. Nxd5 Kh8 25. b4 e4 26. f3 e3 27. Rc1 h5 28. Kf1 h4 29. h3 Rd6 30. Bc4 Be5 31. Bb3 Ra8 32. b5 Ra3 33. Bc4 Ra4 34. Bb3 Ra3 35. Bc4 1/2-1/2

[Event "Budapest FS07 FM-B"]
[Site "Budapest"]
[Date "2009.07.06"]
[Round "1.3"]
[White "Mezei, Csaba"]
[Black "Boulahfa, Hicham"]
[Result "1/2-1/2"]
[WhiteElo "2125"]
[BlackElo "2022"]
[PlyCount "108"]
[EventDate "2009.07.04"]
[EventType "tourn"]
[EventRounds "10"]
[EventCountry "HUN"]
[SourceTitle "CBM 131 Extra"]
[Source "ChessBase"]
[SourceDate "2009.09.03"]
[SourceVersion "2"]
[SourceVersionDate "2009.09.16"]
[SourceQuality "1"]

1. d4 Nf6 2. e3 b6 3. f4 e6 4. Bd3 Ba6 5. Nf3 c5 6. c3 Bxd3 7. Qxd3 Be7 8. Nbd2 Nc6 9. Ne5 Qc7 10. 0-0 d6 11. Nef3 0-0 12. Ne4 Nxe4 13. Qxe4 d5 14. Qd3 c4 15. Qe2 f5 16. b3 Na5 17. b4 Nb7 18. a4 a6 19. Kh1 b5 20. a5 Nd6 21. Nd2 Rf6 22. Nf3 Raf8 23. Bd2 Rh6 24. Be1 Ne4 25. Rc1 g5 26. Nd2 Nf6 27. Kg1 Bd6 28. Bg3 Nh5 29. Qf3 g4 30. Qe2 Be7 31. Be1 Qd8 32. g3 Nf6 33. Rf2 Rh3 34. Rg2 Kf7 35. Bf2 Rh8 36. Kf1 h5 37. Ke1 Ke8 38. Kd1 Kd7 39. Kc2 Kc6 40. Rb1 h4 41. Rbg1 Qf8 42. Rb1 hxg3 43. hxg3 Rh1 44. Bg1 R8h3 45. Qf2 Bd8 46. Ra1 Be7 47. Rb1 Nd7 48. Qe2 Kc7 49. Nf1 Kd8 50. Nd2 Ke8 51. Nf1 Kf7 52. Kd1 Nf6 53. Nd2 Rh8 54. Kc2 Bd6 1/2-1/2

[Event "Utrecht OKU op"]
[Site "Utrecht"]
[Date "2009.06.07"]
[Round "5"]
[White "Boulahfa, Hicham"]
[Black "Van der Tuuk, Jaap"]
[Result "0-1"]
[WhiteElo "2026"]
[BlackElo "2211"]
[PlyCount "56"]
[EventDate "2009.06.05"]
[EventType "swiss"]
[EventRounds "6"]
[EventCountry "NED"]
[SourceTitle "CBM 130 Extra"]
[Source "ChessBase"]
[SourceDate "2009.07.02"]
[SourceVersion "2"]
[SourceVersionDate "2009.07.15"]
[SourceQuality "1"]

1. e4 e5 2. Nf3 Nc6 3. Bc4 Nf6 4. d3 h6 5. c3 d6 6. 0-0 g6 7. d4 Qe7 8. dxe5 Nxe5 9. Nxe5 dxe5 10. Qe2 Bg7 11. f4 exf4 12. Bxf4 0-0 13. Nd2 Bg4 14. Qe3 g5 15. Bg3 Nh5 16. Bf2 Rad8 17. Nb3 Nf4 18. Rae1 Be6 19. Bxe6 fxe6 20. Qxa7 Ra8 21. Qxb7 Rfb8 22. Qc6 Rxa2 23. Bc5 Qf7 24. Ba3 Rxb3 25. g3 Rbxa3 26. bxa3 Qh5 27. h4 Qg4 28. Qxe6+ Nxe6 0-1

[Event "Utrecht OKU op"]
[Site "Utrecht"]
[Date "2009.06.07"]
[Round "6"]
[White "Snuverink, Laurens"]
[Black "Boulahfa, Hicham"]
[Result "1-0"]
[WhiteElo "1816"]
[BlackElo "2026"]
[PlyCount "53"]
[EventDate "2009.06.05"]
[EventType "swiss"]
[EventRounds "6"]
[EventCountry "NED"]
[SourceTitle "CBM 130 Extra"]
[Source "ChessBase"]
[SourceDate "2009.07.02"]
[SourceVersion "2"]
[SourceVersionDate "2009.07.15"]
[SourceQuality "1"]

1. d4 Nf6 2. c4 e6 3. Nc3 Bb4 4. f3 d5 5. a3 Bxc3+ 6. bxc3 0-0 7. e3 b6 8. cxd5 exd5 9. Bd3 c5 10. Ne2 Re8 11. 0-0 Ba6 12. Ng3 Bxd3 13. Qxd3 Nc6 14. Ra2 c4 15. Qb1 Na5 16. e4 Nb3 17. e5 Nd7 18. f4 f6 19. Re2 b5 20. Nf5 Qa5 21. Rf3 fxe5 22. fxe5 Nf8 23. Ref2 Ne6 24. Qc2 Rf8 25. Ne7+ Kh8 26. Qxh7+ Kxh7 27. Rh3# 1-0

[Event "Bussum op"]
[Site "Bussum"]
[Date "2009.05.29"]
[Round "1"]
[White "Rothuis, Vincent"]
[Black "Boulahfa, Hicham"]
[Result "1/2-1/2"]
[WhiteElo "2371"]
[BlackElo "2026"]
[PlyCount "59"]
[EventDate "2009.05.29"]
[EventType "swiss"]
[EventRounds "7"]
[EventCountry "NED"]
[SourceTitle "CBM 130 Extra"]
[Source "ChessBase"]
[SourceDate "2009.07.02"]
[SourceVersion "2"]
[SourceVersionDate "2009.07.15"]
[SourceQuality "1"]

1. e4 c5 2. Nf3 d6 3. d4 cxd4 4. Nxd4 Nf6 5. Nc3 Nc6 6. Be3 e6 7. Bc4 Be7 8. Qe2 a6 9. 0-0-0 Qc7 10. Nxc6 bxc6 11. g4 0-0 12. g5 Nd7 13. Rhg1 d5 14. exd5 exd5 15. Rxd5 cxd5 16. Nxd5 Qd8 17. g6 hxg6 18. Rxg6 Ne5 19. Bb6 Nxg6 20. Bxd8 Bxd8 21. Qe4 Be6 22. Ne3 Bxc4 23. Qxa8 Bg5 24. Qe4 Be6 25. Qc6 Ne5 26. Qxa6 Ng4 27. Qb6 Nxf2 28. Kb1 Ne4 29. Qd4 f5 30. Nd5 1/2-1/2

[Event "Groningen op-B"]
[Site "Groningen"]
[Date "2008.12.28"]
[Round "8"]
[White "Boulahfa, Hicham"]
[Black "Homburg, Frank"]
[Result "1-0"]
[WhiteElo "2012"]
[BlackElo "1783"]
[PlyCount "53"]
[EventDate "2008.12.21"]
[EventType "swiss"]
[EventRounds "9"]
[EventCountry "NED"]
[SourceTitle "CBM 127 Extra"]
[Source "ChessBase"]
[SourceDate "2009.01.08"]
[SourceVersion "2"]
[SourceVersionDate "2009.01.28"]
[SourceQuality "1"]

1. e4 c6 2. d4 d5 3. Nc3 dxe4 4. f3 exf3 5. Nxf3 Bg4 6. Bc4 e6 7. 0-0 Nf6 8. Bg5 Be7 9. Kh1 Nd5 10. Bd2 Nxc3 11. bxc3 Qc7 12. Qe1 Nd7 13. Ng5 Nf6 14. Qh4 h6 15. Nxf7 Rf8 16. Ne5 Bf5 17. Rae1 0-0-0 18. Rxf5 exf5 19. Ng6 Rfe8 20. Nxe7+ Rxe7 21. Be6+ Rxe6 22. Rxe6 Ne4 23. Bf4 Qb6 24. Qe1 Qb2 25. h3 Qxc3 26. Rxe4 fxe4 27. Qxc3 1-0

[Event "Vlissingen HZ op 12th"]
[Site "Vlissingen"]
[Date "2008.08.07"]
[Round "7"]
[White "Boulahfa, Hicham"]
[Black "Boutens, Lukas"]
[Result "0-1"]
[WhiteElo "1985"]
[BlackElo "2184"]
[PlyCount "82"]
[EventDate "2008.08.02"]
[EventType "swiss"]
[EventRounds "9"]
[EventCountry "NED"]
[SourceTitle "CBM 125 Extra"]
[Source "ChessBase"]
[SourceDate "2008.09.01"]
[SourceVersion "1"]
[SourceVersionDate "2008.09.01"]
[SourceQuality "1"]

1. e4 d6 2. d4 Nf6 3. Nc3 g6 4. f4 a6 5. a4 Nc6 6. Nf3 Bg4 7. Be3 Bg7 8. Bd3 Nb4 9. 0-0 Nxd3 10. cxd3 0-0 11. Qe1 Bd7 12. Qh4 Ng4 13. Bd2 f5 14. h3 Nh6 15. d5 c6 16. Ng5 Qb6+ 17. Kh1 Qd4 18. Rf3 fxe4 19. Be3 Qb4 20. dxe4 Qxb2 21. Rc1 c5 22. f5 Rf6 23. g4 b5 24. Nxh7 Kxh7 25. g5 Rxf5 26. exf5 Bxf5 27. gxh6 Bf6 28. Qf2 Qxf2 29. Rxf2 b4 30. Rxf5 gxf5 31. Nb1 Rg8 32. Bf4 b3 33. Bd2 Rg3 34. Bc3 Bg5 35. Rf1 Rxh3+ 36. Kg2 Rd3 37. Rxf5 Kxh6 38. Kf2 Rd1 39. Nd2 b2 40. Bxb2 Rxd2+ 41. Kf3 Rxb2 0-1

[Event "Dieren op"]
[Site "Dieren"]
[Date "2008.07.31"]
[Round "9"]
[White "Boulahfa, Hicham"]
[Black "Van den Bersselaar, Jeroen"]
[Result "0-1"]
[WhiteElo "1985"]
[BlackElo "2186"]
[PlyCount "48"]
[EventDate "2008.07.22"]
[EventType "swiss"]
[EventRounds "9"]
[EventCountry "NED"]
[SourceTitle "CBM 125 Extra"]
[Source "ChessBase"]
[SourceDate "2008.09.01"]
[SourceVersion "1"]
[SourceVersionDate "2008.09.01"]
[SourceQuality "1"]

1. e4 c6 2. d4 d5 3. Nc3 dxe4 4. f3 Nf6 5. Bc4 e6 6. fxe4 b5 7. Bb3 b4 8. e5 bxc3 9. exf6 Bb4 10. Kf2 Qxf6+ 11. Nf3 Ba6 12. bxc3 Bxc3 13. Ba3 g5 14. d5 g4 15. dxe6 fxe6 16. Re1 Bxe1+ 17. Qxe1 gxf3 18. Bxe6 Be2 19. Qb4 Qxe6 20. gxf3 Na6 21. Qd4 Rg8 22. Re1 Rd8 23. Qc3 Rd5 24. Rxe2 Rg2+ 0-1

[Event "Dieren op"]
[Site "Dieren"]
[Date "2008.07.30"]
[Round "8"]
[White "Vos, Jan Pieter"]
[Black "Boulahfa, Hicham"]
[Result "1/2-1/2"]
[WhiteElo "2115"]
[BlackElo "1985"]
[PlyCount "29"]
[EventDate "2008.07.22"]
[EventType "swiss"]
[EventRounds "9"]
[EventCountry "NED"]
[SourceTitle "CBM 125 Extra"]
[Source "ChessBase"]
[SourceDate "2008.09.01"]
[SourceVersion "1"]
[SourceVersionDate "2008.09.01"]
[SourceQuality "1"]

1. Nf3 Nf6 2. b3 b6 3. g3 Bb7 4. Bg2 e6 5. c4 c5 6. Bb2 Be7 7. 0-0 0-0 8. d3 d6 9. e4 Nbd7 10. Qe2 Qc7 11. Nbd2 Rfe8 12. Rfe1 Rad8 13. Rac1 Qb8 14. a3 Qa8 15. h3 1/2-1/2

[Event "Dieren op"]
[Site "Dieren"]
[Date "2008.07.25"]
[Round "4"]
[White "Laarhoven, Thijs"]
[Black "Boulahfa, Hicham"]
[Result "1-0"]
[WhiteElo "2219"]
[BlackElo "1985"]
[PlyCount "81"]
[EventDate "2008.07.22"]
[EventType "swiss"]
[EventRounds "9"]
[EventCountry "NED"]
[SourceTitle "CBM 125 Extra"]
[Source "ChessBase"]
[SourceDate "2008.09.01"]
[SourceVersion "1"]
[SourceVersionDate "2008.09.01"]
[SourceQuality "1"]

1. e4 c5 2. Nf3 d6 3. Bb5+ Bd7 4. Bxd7+ Qxd7 5. c4 Nf6 6. Nc3 Nc6 7. d4 cxd4 8. Nxd4 e6 9. 0-0 Be7 10. Nc2 0-0 11. b3 Rfd8 12. Ne3 a6 13. f3 Qc7 14. Qd2 Rd7 15. Bb2 Rad8 16. Rfd1 Qa5 17. Qe2 Bf8 18. Na4 Be7 19. Rac1 Qg5 20. Qf2 Nh5 21. Nb6 Rc7 22. Kh1 Ne5 23. g3 Qg6 24. Bxe5 dxe5 25. Rxd8+ Bxd8 26. Rd1 Be7 27. b4 Nf6 28. Qd2 h5 29. Ng2 Ne8 30. c5 Qg5 31. Qe2 a5 32. a3 axb4 33. axb4 Qh6 34. Qb5 Nf6 35. Nc4 Qg5 36. Qb6 Rd7 37. Rf1 Kh7 38. Qa5 Qg6 39. Nxe5 Bd8 40. Nxg6 Bxa5 41. Nf8+ 1-0